Fundacionismo y circularidad epistémica: una defensa del fundacionismo circular

Guardado en:
书目详细资料
主要作者: Alvarado Martínez, Konrad Eladio
格式: 图书
语言:Spanish
出版: San José, Costa Rica Universidad de Costa Rica, Facultad de letras, Escuela de Filosofía 2018
主题:
标签: 添加标签
没有标签, 成为第一个标记此记录!

MARC

LEADER 00000nam a22000007a 4500
008 181018b xxu||||| |||| 00| 0 spa d
040 |a cru BVZT 
090 |a TESIS 923 
100 |a Alvarado Martínez, Konrad Eladio 
245 |a Fundacionismo y circularidad epistémica: una defensa del fundacionismo circular 
260 |a San José, Costa Rica   |b Universidad de Costa Rica, Facultad de letras, Escuela de Filosofía  |c 2018 
300 |a 135 páginas 
650 |a TRABAJO FINAL DE GRADUACIÓN 
650 |a TESIS DE LICENCIATURA EN FILOSOFÍA 
650 |a EPISTEMOLOGÍA 
650 |a FUNDACIONISMO 
650 |a CÍRCULO EPISTÉMICO 
942 |2 z  |c TFG 
999 |c 30615  |d 30615